000 00269nam a2200097Ia 4500
008 120527s9999 xx 000 0 und d
100 _aDezert,Louis.
245 _aDrawing for publication;a manual for technical illustrations.
260 _bThe architectural
942 _cBK
999 _c14810
_d14810